Introduction to mathematical statistics / (Record no. 175395)
[ view plain ]
| 000 -LEADER | |
|---|---|
| fixed length control field | 01443 a2200265 4500 |
| 003 - CONTROL NUMBER IDENTIFIER | |
| control field | NUST |
| 005 - DATE AND TIME OF LATEST TRANSACTION | |
| control field | 20221123140241.0 |
| 010 ## - LIBRARY OF CONGRESS CONTROL NUMBER | |
| LC control number | 83019818 |
| 020 ## - INTERNATIONAL STANDARD BOOK NUMBER | |
| International Standard Book Number | 0471890456 : |
| 040 ## - CATALOGING SOURCE | |
| Transcribing agency | Nust |
| 082 00 - DEWEY DECIMAL CLASSIFICATION NUMBER | |
| Classification number | 519.5,HOE |
| 100 1# - MAIN ENTRY--PERSONAL NAME | |
| Personal name | Hoel, Paul Gerhard, |
| 9 (RLIN) | 46282 |
| 245 10 - TITLE STATEMENT | |
| Title | Introduction to mathematical statistics / |
| Statement of responsibility, etc. | Paul G. Hoel. |
| 250 ## - EDITION STATEMENT | |
| Edition statement | 5th ed. |
| 260 ## - PUBLICATION, DISTRIBUTION, ETC. | |
| Place of publication, distribution, etc. | New York : |
| Name of publisher, distributor, etc. | Wiley, |
| Date of publication, distribution, etc. | c1984. |
| 300 ## - PHYSICAL DESCRIPTION | |
| Extent | x, 435 p. : |
| Other physical details | ill. ; |
| Dimensions | 24 cm. |
| 440 #2 - SERIES STATEMENT/ADDED ENTRY--TITLE | |
| Title | A Wiley publication in mathematical statistics |
| 9 (RLIN) | 103435 |
| 490 1# - SERIES STATEMENT | |
| Series statement | Wiley series in probability and mathematical statistics |
| 505 ## - FORMATTED CONTENTS NOTE | |
| Formatted contents note | Probability (Page-4), Some Particular Probability Distributions (Page-53), Nature of Statistical Methods (Page-102), Sampling Theory (Page-121), Probability Distributions for Correlation and Regression (Page-171), Empirical Methods for Correlation and Regression (Page-192), General Principles for Statistical Inference (Page-219),Testing Goodness of Fit (Page-251), Small Sample Distributions (Page-271), Statistical Design in Experiments (Page-309), Nonparmetric Methods (Page-337), Other Methods (Page-357). |
| 650 #0 - SUBJECT ADDED ENTRY--TOPICAL TERM | |
| Topical term or geographic name entry element | Mathematical statistics. |
| 9 (RLIN) | 61 |
| 830 #0 - SERIES ADDED ENTRY--UNIFORM TITLE | |
| Uniform title | Wiley series in probability and mathematical statistics. |
| 856 42 - ELECTRONIC LOCATION AND ACCESS | |
| Materials specified | Publisher description |
| Uniform Resource Identifier | <a href="http://www.loc.gov/catdir/description/wiley031/83019818.html">http://www.loc.gov/catdir/description/wiley031/83019818.html</a> |
| 856 42 - ELECTRONIC LOCATION AND ACCESS | |
| Materials specified | Table of contents |
| Uniform Resource Identifier | <a href="http://www.loc.gov/catdir/toc/onix01/83019818.html">http://www.loc.gov/catdir/toc/onix01/83019818.html</a> |
| 942 ## - ADDED ENTRY ELEMENTS (KOHA) | |
| Koha item type | Book |
| Source of classification or shelving scheme | |
| Call number prefix | 519.5,HOE |
| Withdrawn status | Lost status | Source of classification or shelving scheme | Damaged status | Not for loan | Permanent Location | Current Location | Shelving location | Date acquired | Full call number | Barcode | Date last seen | Price effective from | Koha item type | Public note |
|---|---|---|---|---|---|---|---|---|---|---|---|---|---|---|
| Military College of Signals (MCS) | Military College of Signals (MCS) | General Stacks | 12/12/2016 | 519.5,HOE | MCS27392 | 12/08/2016 | 12/12/2016 | Book | Almirah No.14, Shelf No.5 |
